000 00625nam a2200217Ii 4500
003 JO-AjNU
008 230606s9999||||xx |||||||||||||| ||und||
017 _a2009/4/1371
040 _aJO-AjNU
_beng
_erda
_cJO-AjNU
041 _aeng
050 1 4 _aTK5105.5.T35 2010
100 3 _aTamimi, ABDEL FATAH AREF,
_eauthor
_92761
245 0 0 _aComputer Net work Communication
250 _a2 ed
264 3 1 _aAmmAn:ALYAZORI Publisher,2010
300 _a532p
336 _atext
_btxt
_2rdacontent
337 _aunmediated
_bn
_2rdamedia
338 _avolume
_bnc
_2rdacarrier
650 4 _aComputer Net work Communication
_92762
999 _aE1446
_c1446
_d1446